Sleep Token - Vore (All lyrics) - Statistics

General Stats
  • This quiz has been taken 48 times
  • The average score is 163 of 193
Answer Stats
Lyrics % Correct
I
100%
in
100%
my
100%
My
100%
the
100%
You
100%
you
100%
me
96%
of
96%
go
92%
have
92%
head
92%
is
92%
So
92%
so
92%
voice
92%
wanna
92%
where
92%
Will
92%
will
92%
and
88%
become
88%
to
88%
bone
84%
else
84%
Ever
84%
flesh
84%
flesh,
84%
for
84%
get
84%
let's
84%
myself
84%
nobody
84%
once
84%
pain
84%
swallowed
84%
way
84%
we
84%
We
84%
welcome
84%
Welcome
84%
whole
84%
Your
84%
am?
80%
like
80%
always
76%
Are
76%
can
76%
deeper?
76%
if
76%
something
76%
stop
76%
There
76%
fate
72%
Follow
72%
gods?
72%
throat
72%
between
68%
jaws
68%
Only
68%
only
68%
stuck
68%
viscera
68%
after
64%
death
64%
recourse
64%
remain
64%
fall
60%
life
60%
bones,
56%
end
56%
left
56%
short
56%
bleed
48%
they
48%
torn,
48%
Walls
48%
warm
48%
we're
48%
into
44%
metaphors
44%
again
40%
need,
36%
step
36%
suffering
36%
No matching quizzes found
Score Distribution
Percent of People with Each Score
Percentile by Number Answered
Your Score History
You have not taken this quiz